Vista Kicks - Waiting on You - Statistics

General Stats
  • This quiz has been taken 2 times
  • The average score is 91 of 223
Answer Stats
Answer % Correct
a
100%
I
100%
on
100%
on,
100%
wait,
100%
waiting
100%
Waiting
100%
You
100%
you
100%
you,
100%
baby?
50%
in
50%
is
50%
it
50%
It's
50%
me
50%
my
50%
So
50%
the
50%
to
50%
When
50%
with
50%
your
50%
you're
50%
ain't
0%
all
0%
always
0%
around
0%
back
0%
blue
0%
but
0%
can't
0%
'Cause
0%
colour
0%
come
0%
crawling
0%
damn
0%
Darlin',
0%
die
0%
do
0%
don't
0%
enough,
0%
even
0%
figure
0%
gonna
0%
gotta
0%
head
0%
here
0%
home
0%
How
0%
how
0%
instead
0%
keep
0%
know
0%
leave?
0%
leaving
0%
long
0%
lying
0%
make
0%
many
0%
morning
0%
never
0%
night
0%
not
0%
Oh,
0%
oh,
0%
open
0%
out?
0%
paid
0%
perfectly
0%
remember
0%
rent
0%
rest
0%
said
0%
show
0%
sky
0%
still
0%
Sunday
0%
teeth
0%
that
0%
thing
0%
things
0%
though
0%
through
0%
times
0%
Try
0%
turn
0%
wanna
0%
wanted
0%
were
0%
wind
0%
world's
0%
You'll
0%
No matching quizzes found
Score Distribution
Percent of People with Each Score
Percentile by Number Answered
Your Score History
You have not taken this quiz